000 00222nam a2200097Ia 4500
008 240331s9999 xx 000 0 und d
082 _bRAN
100 _aRanaweera, E
245 0 _aSome literary women of Sri Lanka
942 _cL
999 _c1846
_d1846